| 000 | 00855nam a2200229Ia 4500 | ||
|---|---|---|---|
| 005 | 20211111074603.0 | ||
| 008 | 130821s2005 ck gr spa | ||
| 020 | _a9588255457 | ||
| 040 |
_aCo-BoUCM _bspa |
||
| 041 | 0 | 0 | _aspa |
| 245 | 0 | 0 |
_aConvención Americana de derechos humanos doctrina y Jurisprudencia 1980 - 2005 _cCompiladores Omar Huertas Díaz...[et. al.] |
| 260 |
_aBogotá (Colombia) _b[Editorial desconocida] _c2005 |
||
| 300 | _a883 páginas | ||
| 650 | 0 | 4 |
_aDerecho internacional humanitario _97496 |
| 650 | 0 | 4 |
_aDerechos civiles _912857 |
| 650 | 0 | 4 |
_aDerechos humanos _97499 |
| 650 | 0 | 4 |
_aDerechos humanos _xConvenciones políticas _97499 |
| 700 | 1 |
_aHuertas Díaz, Omar _ecomp. _929870 |
|
| 710 | 1 |
_aUniversidad Autónoma de Colombia _94696 |
|
| 942 |
_cLIBRO _a8 _e1 _mC766 _2DEWEY _h341.481 |
||
| 999 |
_c52378 _d52378 |
||